Céréales - Mort subite - Statistiques

Statistiques générales
  • Ce quiz a été pris 344 fois
  • Le résultat moyen est 3 sur 13
Answers on the Grid
Answers color-coded by a green-red scale on the quiz's grid according to % correct below.
Épeautre
Seigle
Avoine
Orge
Maïs
Riz
Sorgho
Blé
Millet
Quenouille
Zizanie
Fonio
Alpiste
Quinoa
Chia
Sarrasin
Son
Boulghour
Gruau
Polenta
Couscous
Houblon
Malt
Semoule
 
Statistiques - réponses
Réponse % Correct
Blé
51%
Orge
46%
Avoine
43%
Maïs
33%
Riz
31%
Seigle
28%
Épeautre
26%
Millet
18%
Sorgho
13%
Alpiste
3%
Fonio
2%
Zizanie
2%
Quenouille
1%
Aucun quiz correspondant
Distribution des résultats
% des personnes avec chaque résultat
Percentile par nombre de réponses
Votre historique - résultats
Vous n’avez pas pris ce quiz